|
|
|
|
| LEADER |
00799nam a2200205 a 4500 |
| 001 |
000602988 |
| 003 |
CZ BrMZK |
| 005 |
20020528130850.0 |
| 007 |
ta |
| 008 |
020528s1973 xr f cze d |
| 015 |
|
|
|a cnb002379801
|
| 040 |
|
|
|a BOA001
|b cze
|c BOA001
|
| 100 |
1 |
|
|a Hurt, Rudolf,
|d 1902-1978
|7 jz7500325
|4 aut
|
| 245 |
1 |
0 |
|a Vlčková :
|b z minulosti valašské dědiny : památeční publikace, vydaná k 600. výročí založení obce /
|c Rudolf Hurt ; text kronikářské části Rudolf Matouš
|
| 260 |
|
|
|a Vlčková :
|b Místní národní výbor,
|c 1973
|
| 300 |
|
|
|a 72 s., obr. příl.
|
| 700 |
1 |
|
|a Matouš, Rudolf,
|d 1908-1988
|7 jo19990022795
|4 aut
|
| 910 |
|
|
|a BOA001
|b 2-0760.039
|
| 990 |
|
|
|a BK
|
| 996 |
6 |
|
|b 2619221297
|c 2-0760.039
|l MZK
|r Sklad / do 1 hodiny
|n 7
|w 000602988
|u 000010
|a 1
|e BOA001
|j MZK50
|s P
|